Marxistas y cristianos

Saved in:
Bibliografiske detaljer
Hovedforfatter: Marchese, Angelo (autor)
Format: Bog
Sprog:spansk
Udgivet: Barcelona Edicions 62 1968
Serier:Colección Compromiso Cristiano, 18
Fag:
Tags: Tilføj Tag
Ingen Tags, Vær først til at tagge denne postø!

MARC

LEADER 00000nam a2200000 a 4500
001 UCL0559
003 CL-VaPUC
008 030728e19680000SP |||||||||||||||||spa|d
082 0 4 |a 261.7  |b MAR  |2 21 
100 |a Marchese, Angelo  |e autor  |9 477217 
245 1 0 |a Marxistas y cristianos 
300 |a 126 p 
942 |c BK 
945 |d 20030728 00:00:00  |a cmena 
260 |a Barcelona  |b Edicions 62  |c 1968 
650 0 |a Cristianismo  |9 257361 
650 7 |a MARXISMO  |2 CL-VaPUC  |9 477218 
650 0 |a Teología   |9 258766 
650 7 |a FILOSOFIA POLITICA  |2 CL-VaPUC  |9 477219 
583 |a last modification  |c 20030728 00:00:00  |k Rodrigo Vera 
490 0 |a Colección Compromiso Cristiano, 18 
999 |c 304377  |d 304375 
952 |0 0  |1 0  |4 0  |6 261_700000000000000_MAR_1968  |7 0  |8 A  |9 366412  |a BIBDER  |b BIBDER  |d 2019-11-21  |i 3909042  |o 261.7 MAR 1968  |p 3909042  |r 2023-01-25  |w 2019-11-21  |y BK  |k DER 
952 |0 0  |1 0  |4 0  |6 261_700000000000000_MAR_1968  |7 0  |8 A  |9 366413  |a BIBTEO  |b BIBTEO  |d 2019-11-21  |i 2095203  |o 261.7 MAR 1968  |p 2095203  |r 2025-01-17  |w 2019-11-21  |y BK  |k ICR